[Event "Begrüßungsturnier Super Nova 6"]
[Site "Turnierstufe"]
[Date "2023.07.10"]
[Round "8"]
[White "Super Mondial II"]
[Black "Super Nova"]
[Result "1/2-1/2"]
[WhiteElo "1937"]
[BlackElo "1840"]
[EventDate "????.??.??"]
[PlyCount "108"]

{Eine interessante Spielführung gibt es in Partie 8 von Super Nova zu sehen.
Wieder gibt es in augeglichener Stellung einen dieser spekulativen Einschläge,
den wohl kaum ein anderer Compi gemacht hätte - ausgenommen Super Constellation
und vielleicht Modena. Der kleine Novag spielt danach mit Vorteil weiter, weil
Super Mondial II nicht die richtigen Gegenzüge findet. Der 30. Zug vom
Kittiger-Programm ist aber nicht der beste und es muss in der Folge um Ausgleich
kämpfen. Am Schluss zeigt dann die Wundertüte Super Nova eine Kostprobe davon,
was ihr Schöpfer ihr an Wissen mitgegeben hat und hält das Spiel souverän
Remis.} 1.e4 c5 2.Nf3 d6 3.d4 cxd4 4.Nxd4 Nf6 5.Nc3 a6 6.g3 e5 7.Nde2 
{Buchende.} 7...Nbd7 {Buchende.} 8.Bg2 Be7 9.O-O b5 10.a4 bxa4 11.Rxa4 O-O 
12.Be3 Nc5 13.Rc4 a5 14.b4 Be6 15.Nd5 axb4 16.Nxe7+ Qxe7 17.Rxb4 Ncxe4 $5 
{Spekulation - aber mit Chancen. Solche Züge kenne ich ansonsten nur von Super
Conny - und vom Modena. Hiarcs 15.1 hat diesen Einschlag erst an ca. 25. Stelle
seiner Zugliste - mit leicht negativer Bewertung.} 18.Rxe4 Nxe4 19.Bxe4 Rac8 
20.Bg2 d5 21.f4 d4 22.Bf2 f6 23.fxe5 fxe5 24.Qd3 Bf5 25.Be4 Bh3 26.Bd5+ Kh8 
27.Bg2 Bxg2 28.Kxg2 Qc5 29.Rc1 Qc6+ 30.Kg1 Ra8 ( {Stärker ist:} 30...Rf3 $1 
31.Qd1 Qf6 32.Bxd4 exd4 33.Nxd4 Rfc3 {...} ) 31.c3 Ra3 32.g4 Qf6 33.Bg3 Qg5 
34.Qe4 Rxc3 35.Rxc3 dxc3 36.Nxc3 Qc1+ 37.Qe1 Qxe1+ 38.Bxe1 e4 39.Bd2 Rd8 40.Bg5 
Rd4 41.Kf2 h6 42.Bf4 Kh7 43.Be5 e3+ 44.Kf3 Rd7 45.Kxe3 Kg6 46.Ke4 Kg5 47.Kf3 
Rd3+ 48.Kg2 Kxg4 49.Bxg7 Rd2+ 50.Kg1 Rc2 51.Bf6 Kh3 52.Be5 Rc1+ 53.Kf2 Rxc3 
{(0.00) Erstaunlich, was die Super Nova so alles weiß. Remis.} 54.Bxc3 {(+2.24)
SuMo II weiß es nicht.} 54...Kxh2 1/2-1/2

[Event "Begrüßungsturnier Super Nova 6"]
[Site "Turnierstufe"]
[Date "2023.07.11"]
[Round "9"]
[White "Super Nova"]
[Black "Super Mondial II"]
[Result "1-0"]
[WhiteElo "1843"]
[BlackElo "1934"]
[EventDate "????.??.??"]
[PlyCount "76"]

{Nach ein paar ungenauen bzw. fehlerhaften Zügen von Super Mondial II macht die
(gar nicht mehr so kleine) Super Nova kurzen Prozess und schiebt seinen
Freibauern vor und den Schröder-Mephiso einfach zusammen. Sie führt nun vor der
letzten Partie des Duells knapp aber verdient gegen den wesentlich höher
eingestuften Gegner.} 1.d4 Nf6 {Buchende!} 2.e3 d5 3.Nf3 {Buchende.} 3...Bg4 
4.Be2 Nbd7 5.Nbd2 c5 6.h3 Bf5 7.Nh4 Be6 8.Nhf3 Qc7 9.O-O Rc8 10.dxc5 Nxc5 11.c4 
dxc4 12.Nxc4 Bd5 13.Bd2 e6 14.Rc1 Qb8 15.Nce5 Bd6 16.Bb5+ Ke7 17.b4 Na6 18.Nd3 
Bxa2 19.Qa4 Bd5 20.Bxa6 bxa6 21.Qxa6 Bb7 22.Qa1 Rcd8 {Nimmt den falschen Turm.} 
23.Nd4 Ne4 24.Rfd1 Bh2+ {Das bringt nichts.} 25.Kh1 Bd5 $2 ( 25...Rhe8 
{begrenzt den Schaden.} ) 26.b5 {Der Bauer wird nun gefährlich.} 26...Nxd2 
27.Rxd2 Bd6 28.Ra2 Ke8 29.Rxa7 Rc8 $2 {Schwarz wird nun zusammengeschoben.} 
30.Rxc8+ Qxc8 31.Nc6 Bxc6 32.bxc6 Bb8 33.Qxg7 Rf8 34.Rb7 Bd6 35.Ne5 $1 {Super
Nova lässt nichts mehr anbrennen.} 35...h6 36.Nxf7 Qxc6 37.Nxd6+ Qxd6 38.Ra7 ( 
38.e4 $3 {Matt in 9} 38...e5 39.Ra7 Rxf2 40.Ra8+ Qd8 41.Qg8+ Kd7 42.Qxd8+ Ke6 
43.Ra7 Rf1+ 44.Kh2 Rh1+ 45.Kxh1 h5 46.Qb6# ) 38...Qd1+ {und Aufgabe (rESG).} 1-0

[Event "Begrüßungsturnier Super Nova 6"]
[Site "Turnierstufe"]
[Date "2023.07.12"]
[Round "10"]
[White "Super Mondial II"]
[Black "Super Nova"]
[Result "1-0"]
[WhiteElo "1921"]
[BlackElo "1856"]
[EventDate "????.??.??"]
[PlyCount "93"]

{Nach guten Ansätzen hat es Super Nova zu eilig, rückt zu früh mit dem d-Bauern
vor und verliert diesen bereits im frühen Mittelspiel. Der Mephisto bekommt eine
überlegene Stellung mit einem Mehrbauern und lässt folgerichtig - mit kleinen
Umwegen - nichts mehr anbrennen.} 1.e4 e5 2.Nf3 Nc6 3.Nc3 Nf6 4.d4 exd4 5.Nxd4 
Bb4 6.Nxc6 bxc6 7.Bd3 {Buchende.} 7...O-O {Buchende.} 8.Bd2 Re8 9.Qe2 $5 {Nicht
gut, es droht bereits:} 9...d5 $1 10.f3 Bf5 ( {Besser, aber zu tief ist:} 
10...c5 $1 11.b3 dxe4 {...} ) 11.O-O-O d4 $2 {Zu eilig, jetzt geht's Weiß wieder
gut, denn der Bauer steht auf tönernen Füßen.} 12.Na4 Bxd2+ 13.Qxd2 Be6 14.Ba6 
Qd6 15.Qxd4 Qxd4 16.Rxd4 Rad8 {Das müsste SuMo II gewinnen, denn er hat einen
gesunden Mehrbauern bei überlegener Stellung. Wie soll Schwarz die ganzen Löcher
stopfen?} 17.Rxd8 Rxd8 18.Nc5 ( 18.Bb7 $1 ) 18...Kf8 19.a4 Nd7 20.Nxe6+ fxe6 
{Die gleichfarbigen Läufer sind weg, die schwarze Bauernstruktur ist ein Elend,
aber Super Nova kann noch kämpfen.} 21.Rd1 Ke7 22.Bb7 c5 23.Bc6 Ne5 24.Rxd8 
Kxd8 25.Bb5 Ke7 26.Kd2 Kd6 27.h4 Nd7 $2 28.f4 $6 {Einfach den Springer schlagen
und gewinnen. Weiter ohne Kommentar. Das muss SuMo II erst noch gewinnen.} 
28...e5 29.Ke3 exf4+ 30.Kxf4 Ne5 31.Be8 c4 32.Bh5 a6 33.g3 g6 34.Bd1 h6 35.g4 
a5 36.Be2 Ke6 37.g5 hxg5+ 38.Kxg5 Ke7 39.Bf1 Kd7 $2 40.Kf6 {Das war's. Super
Nova gehen die Züge aus.} 40...Kd6 41.c3 c6 42.Be2 Nd3 $5 {Super Nova versucht
tatsächlich zu mogeln. :-) Jedenfalls macht dieser Zug seinem Gegner einiges
Kopfzerbrechen. SuMo II denkt 12 Minuten über seinen Gegenzug nach:} 43.b3 c5 
44.Bf1 Kd7 45.e5 Nxe5 46.Kxe5 cxb3 47.Bc4 {und Ende.} 1-0

[Event "Begrüßungsturnier Super Nova 7"]
[Site "Turnierstufe"]
[Date "2023.07.14"]
[Round "1"]
[White "Super Nova"]
[Black "GK 2000"]
[Result "0-1"]
[WhiteElo "1848"]
[BlackElo "1930"]
[EventDate "????.??.??"]
[PlyCount "96"]

{In Partie 1 hat die kleine Super Nova der geballten Kombinationskraft des GK
2000 nicht viel entgegen zu setzen. Ein Fehler im 28. Zug reicht und der Saitek
nimmt die weiße Stellung auseinander. Es sieht so aus, als sei der Höhenflug des
6301Y-Novag gegen das H8-Urgestein von Frans Morsch zu Ende - doch warten wir es
ab.} 1.g3 {Buchende!} 1...Nf6 2.Nf3 c5 3.Bg2 d5 {Buchende.} 4.c3 e6 5.O-O Bd6 
6.d4 O-O 7.Ne5 Bxe5 8.dxe5 Ne8 9.Nd2 Nc6 10.Nf3 Qc7 11.Be3 b6 12.Bf4 Bb7 13.Qc2 
h6 14.h4 Rd8 15.Rad1 Ne7 16.c4 Ng6 17.e3 d4 18.exd4 Bxf3 19.Bxf3 cxd4 20.Qe2 
Nxf4 21.gxf4 Qe7 22.h5 Nc7 23.Qe4 Qc5 24.Be2 Rd7 25.b3 {Man hat das Gefühl,
beide tasten sich ab und belauern sich.} 25...Rfd8 26.Bd3 f5 27.Qg2 Qa5 28.Bb1 
$2 d3 $1 {Na klar. Jetzt bricht der weiße Aufbau auseinander.} 29.Qf3 d2 30.Qg3 
b5 31.c5 Nd5 32.c6 Nc3 33.Qh4 Rf7 34.Qh3 Nxd1 35.Rxd1 Rc7 36.Qf3 Rdc8 37.Qe2 
Rxc6 38.Rxd2 {Das war's.} 38...Rc1+ 39.Rd1 Qb4 40.Bd3 Qxf4 41.Rxc1 Rxc1+ 42.Kg2 
Qg5+ 43.Kh2 f4 44.Bf5 exf5 {Mattankündigung.} 45.Qf3 Qg1+ 46.Kh3 Rc3 47.Kh4 
Qh2+ 48.Qh3 Rxh3# 0-1

[Event "Begrüßungsturnier Super Nova 7"]
[Site "Turnierstufe"]
[Date "2023.07.15"]
[Round "2"]
[White "GK 2000"]
[Black "Super Nova"]
[Result "1-0"]
[WhiteElo "1938"]
[BlackElo "1840"]
[EventDate "????.??.??"]
[PlyCount "82"]

{Die zweite Partie läuft prizipiell ab wie die erste. GK 2000 wartet ab, bis
sein Gegener bei der Berechnung kurzsichtiger ist als er,und schlägt dann mit
überlegener Rechenkraft zu. Es sieht so aus, als sei das Morsch-Programm auf dem
H8 tatsächlich eine Nummer zu groß für die Super Nova. Überhaupt sieht es ja so
aus, als seinen alle Morschis, auf der jeweils entsprechenden Spielstärke-Ebene,
die Angstgegner der Novags zu sein.} 1.e4 e5 2.Nc3 Nf6 3.f4 d5 4.fxe5 
{Buchende.} 4...Nxe4 {Buchende. Beide Compis werden im komplexen Wiener Gambit
frühzeitig vom Buch im Stich gelassen.} 5.Nxe4 dxe4 6.d4 Be7 7.Bc4 Nc6 8.c3 O-O 
9.Be3 Bh4+ 10.g3 Be7 11.Qc2 Na5 12.Be2 Qd5 13.Bf4 Be6 14.Bf1 Nc4 15.Bg2 Bf5 
16.Ne2 f6 17.O-O-O fxe5 $2 ( 17...g5 $1 ) 18.dxe5 Qa5 19.Qb3 Qa6 $2 20.Nd4 
{Taktisch ist der GK 2000 eine Nummer zu groß.} 20...Bg4 21.Bf1 Kh8 22.Bxc4 
Bxd1 23.Rxd1 Qa5 24.Qxb7 Ba3 25.Qb3 Bc5 26.Ne6 Rfb8 27.Qc2 Qb6 28.Bd5 c6 
29.Bxe4 h6 30.Qg2 Be3+ 31.Kb1 a5 32.Bxc6 Ra6 33.Rd6 Bc5 34.Nxc5 Qxc5 35.Qd5 
Qxd5 36.Bxd5 Rxd6 37.exd6 g5 38.Be5+ Kh7 39.d7 Rd8 40.Bc6 Kg6 41.Bc7 Rh8 {und
Aufgabe (resg)} 1-0

[Event "Begrüßungsturnier Super Nova 7"]
[Site "Turnierstufe"]
[Date "2023.07.15"]
[Round "3"]
[White "Super Nova"]
[Black "Gk 2000"]
[Result "0-1"]
[WhiteElo "1833"]
[BlackElo "1945"]
[EventDate "????.??.??"]
[PlyCount "74"]

{GK 2000 ist für die kleine Super Nova eine Nummer zu groß. Auch in der dritten
Partie wird der Novag nach einer Ungenauigkeit im 23. und einem Fehler gleich
darauf einfach überspielt. Die Kombinationsspiel des Morsch-Programms ist aber
auch gnadenlos.} 1.b4 {und GK 2000 muss sofort rechnen. Orang-Utan freihändig.} 
1...e5 2.Bb2 {Buchende.} 2...Bxb4 3.Bxe5 Nf6 4.c3 Be7 5.e4 Nc6 6.Bxf6 Bxf6 7.d4 
d6 8.Nf3 O-O 9.Bd3 Bg4 10.Nbd2 Re8 11.O-O Rb8 12.h3 Bh5 13.Rb1 a6 14.Re1 Qd7 
15.Qb3 h6 16.Rb2 Bg6 17.Qc2 Ne7 18.Reb1 b5 19.a4 c6 20.Nf1 Qa7 21.N1h2 bxa4 
22.Rxb8 Rxb8 23.Rxb8+ ( {Besser:} 23.Ra1 a5 24.Rxa4 Qc7 {...} ) 23...Qxb8 
24.Ng4 $2 {Oje, nicht weit genug geschaut. Jetzt werden die schwarzen Randbauern
brandgefährlich.} 24...Qb3 25.Nxf6+ gxf6 26.Ne1 c5 $1 {Der Springer kommt ins
Spiel.} 27.dxc5 ( 27.Bxa6 {hilft nicht weiter:} 27...Nd5 28.dxc5 dxc5 29.Qxb3 
axb3 30.Nd3 Bxe4 31.Nb2 Nxc3 {...} ) 27...dxc5 28.f3 c4 $1 {Stark gespielt. Was
nun, Super Nova?} 29.Qxb3 ( 29.Bf1 a3 30.Qd2 Nc6 31.Nc2 a2 {...} ) ( 29.Be2 Nd5 
30.Qd2 Nxc3 31.Nc2 a3 {...} ) ( 29.Qf2 cxd3 30.Nxd3 Qxc3 {...} ) ( 29.Qe2 cxd3 
30.Nxd3 Qxc3 {...} ) 29...cxb3 30.Bc4 f5 31.g4 {Verzweiflung.} 31...fxe4 
32.fxe4 Bxe4 33.Kf2 b2 34.Ba2 Nd5 35.Nf3 Bxf3 {Wieder der beste Zug.} 36.g5 
Nxc3 {(9.99)} 37.Bb1 {(-9.99)} 37...Be4 {und Schluss.} 0-1

[Event "Begrüßungsturnier Super Nova 8"]
[Site "Turnierstufe"]
[Date "2023.07.17"]
[Round "1"]
[White "Super Nova"]
[Black "Turbo King II EGR II"]
[Result "1-0"]
[WhiteElo "1826"]
[BlackElo "1974"]
[EventDate "????.??.??"]
[PlyCount "171"]

{Wie man es vom Turbo King kennt, baut er sich eine schöne Stellung auf,
allerdings kann Super Nova dagegenhalten. Je länger das Spiel dauert, desto mehr
wird das Spiel des D+ ungenauer. Er versäumt es, seinem König rechtzeitig ein
Luftloch zu schaffen und mit dem 42. Zug bekommt der Novag schließlich
Oberwasser. Einen Zug später schafft der SciSys seinem König Luft, aber da ist
es bereits zu spät. Super Nova gewinnt anschließend etwas umständlich aber
sicher.} 1.d4 Nf6 2.c4 e6 3.Nf3 b6 4.g3 Ba6 5.b3 Bb4+ 6.Bd2 Be7 7.Bg2 c6 8.O-O 
d5 {Buchende.} 9.Bc3 {Buchende.} 9...Nbd7 10.Nfd2 c5 11.Bb2 cxd4 12.cxd5 Nxd5 
13.Bxd4 O-O 14.Nc3 Nxc3 15.Bxc3 Rc8 16.Rc1 Nf6 17.Nc4 Bxc4 18.Bxf6 Bxf6 19.Rxc4 
Rxc4 20.bxc4 Qc7 21.Qc2 Rc8 22.Rc1 Bg5 23.f4 ( {Besser:} 23.e3 $1 ) 23...Be7 
24.a4 Bc5+ 25.Kf1 e5 26.fxe5 Qxe5 27.Qc3 Bd4 28.Qd3 Qf6+ 29.Bf3 Rd8 30.Rd1 a5 
31.e4 Qc6 32.Qb3 Rd7 33.Qb5 Qf6 34.Kg2 Qe7 35.c5 $5 {Super Nova spekuliert
wieder. Auf was? Das Unvermögen des Gegners? Die ungleichfarbigen Läufer?} ( 
{Richtig:} 35.e5 ) 35...bxc5 36.Rb1 Be5 $6 {Wie wär's mit einem Luftloch für den
König?} 37.Qxa5 Bc7 38.Qc3 Be5 39.Qc2 Rd8 40.a5 Ra8 41.Rb5 Bd4 $5 ( {Besser:} 
41...Bc7 $1 42.Qxc5 Qxc5 43.Rxc5 Bxa5 {... und alles bleibt in Remisbreite.} ) 
42.a6 {Jetzt hat erstmals Super Nova leichtes Oberwasser.} 42...Qd6 43.Qc4 g6 
$2 {Das Luftloch kommt zu spät.} 44.Rb7 $1 {Natürlich. Jetzt ist Turbo King in
allen Varianten verloren.} 44...Qf6 45.a7 Be5 {Noch das beste. Es drohte e5!} 
46.Rd7 {Droht Dd5.} 46...Qe6 47.Qxe6 fxe6 48.Bg4 Kf8 49.Bxe6 Ke8 50.Rxh7 Rd8 
51.Bd7+ Kf8 ( 51...Rxd7 52.a8=Q+ Rd8 53.Qb7 Bg7 54.Qxg7 Rd2+ 55.Kh3 Rxh2+ 
56.Kxh2 c4 57.Qg8# ) 52.Bc6 Bg7 53.a8=Q Rxa8 54.Bxa8 Kg8 55.Rh4 Be5 56.h3 $2 
{Eigenartig, aber natürlich immer noch gewonnen.} 56...Kg7 57.Kf3 c4 58.Bd5 c3 
59.Bb3 Bd6 60.Bc2 Be5 61.Ba4 Bd6 62.Bb3 {Super Nova rechnet in dieser Phase viel
zu kurz, ist 'unkonzentriert'.} 62...Bc7 63.Bd1 Bd6 64.Ba4 Be5 65.Bc2 Bd4 66.e5 
Bxe5 67.Rg4 g5 68.Rxg5+ Kf6 69.Rg6+ Ke7 70.Ke4 Bf6 71.Bb3 Bh8 72.g4 Bf6 73.g5 
Bh8 74.Rg8 c2 75.Bxc2 Bc3 76.g6 Kf6 77.Kf4 Bb4 78.Bf5 Bd6+ 79.Ke4 Bb4 80.Rh8 
Kg7 81.Rh7+ Kf8 82.g7+ {Mattankündigung.} 82...Kg8 83.Be6+ Kxh7 84.g8=Q+ Kh6 
85.Kf5 Bc5 86.Qh8# 1-0

[Event "Begrüßungsturnier Super Nova 8"]
[Site "Turnierstufe"]
[Date "2023.07.18"]
[Round "2"]
[White "Turbo King II EGR II"]
[Black "Super Nova"]
[Result "1-0"]
[WhiteElo "1960"]
[BlackElo "1840"]
[EventDate "????.??.??"]
[PlyCount "155"]

{Die zweite Partie zeigt deutlich, was passieren kann, wenn einer der beiden
Duellanten quasi ohne Buch ins Spiel entlassen wird. Die arme Super Nova hat nie
eine Chance, überhaupt so etwas wie eine Stellung aufzubauen und muss permanent
Löcher stopfen. So gewinnt der Turbo King II seinen ersten Punkt, ohne ihn sich
groß erarbeiten zu müssen. Super Nova schenkt den Sieg her, weil sie völlig ohne
Plan eröffnet.} 1.d4 d6 {Buchende!!} 2.e4 {Buchende.} 2...e5 3.dxe5 dxe5 
4.Qxd8+ Kxd8 {Es ist schon erstaulich zu sehen, auf welche Fragwürdigkeiten die
Super Nova sich einlässt.} 5.Bc4 f5 6.Nf3 Nc6 7.Bg5+ Nf6 8.Nc3 fxe4 9.Nxe4 Be7 
10.O-O-O+ Ke8 11.Nxf6+ gxf6 12.Bh6 Bf8 13.Be3 Bg7 14.Rhg1 Bg4 15.h3 Bf5 16.Nh4 
Ne7 17.Bc5 Be4 18.Rge1 Bc6 {Schwarz hat zwangsläufig große Probleme, seine
Stellung zusammenzuhalten.} 19.Bxe7 Kxe7 20.Nf5+ Kf8 21.Bd5 Bxd5 22.Rxd5 Kf7 
23.Rd7+ Ke6 24.Rxg7 Kxf5 25.Rxc7 b6 26.Rd1 h6 27.Rd6 h5 28.Rf7 Rh6 29.g3 Kg5 
30.h4+ {Jetzt kann Super Nova nur noch auf die bekannte Endspielschwäche seines
Gegners hoffen.} 30...Kf5 31.Kd2 Ke4 32.Rdd7 Kf3 33.Ke1 Rc8 34.c3 Rc4 35.Kf1 a6 
36.Rd6 {Schwarz kann sich nur noch ergeben, aber TK II macht es umständlich.} 
36...Ke4 37.Rxb6 Ra4 38.a3 Kd3 39.Rd7+ Kc2 40.Rdb7 Kc1 41.Ke2 Kb1 42.Rf7 Kc1 
43.Kd3 e4+ 44.Ke3 Kc2 45.Rfb7 Ra5 46.Rd7 Rb5 47.Rd2+ Kc1 48.Rxa6 Rxb2 49.Rxb2 
Kxb2 50.c4 Kb3 51.c5 Kc4 52.c6 Rh7 53.Ra5 Rc7 54.Rxh5 Rxc6 55.Kxe4 Ra6 56.Kf5 
Kd3 57.Rh6 Ra5+ 58.Kxf6 Ke2 59.f4 Kf3 60.Rg6 Ra6+ {Rest in je 1 Stunde.} 61.Kg5 
Ra5+ 62.Kh6 Kg2 63.h5 Kf3 64.Rg7 Rxa3 65.f5 Ra6+ 66.Kg5 Ra1 67.h6 Kxg3 68.h7 
Rh1 69.Re7 Kf3 70.f6 Rg1+ 71.Kf5 Rh1 72.f7 Rxh7 73.f8=Q Rxe7 74.Qxe7 Kf2 75.Kf4 
Kg1 76.Kf3 {Mattankündigung.} 76...Kh2 77.Qe1 Kh3 78.Qg3# 1-0

[Event "Begrüßungsturnier Super Nova 8"]
[Site "Turnierstufe"]
[Date "2023.07.19"]
[Round "3"]
[White "Super Nova"]
[Black "Turbo King II EGR II"]
[Result "1-0"]
[WhiteElo "1833"]
[BlackElo "1967"]
[EventDate "????.??.??"]
[PlyCount "151"]

{Partie Nr. 3 gewinnt die Super Nova verdient, weil sie in jeder Situation immer
ein Quentchen mehr Überblick hat als ihr Gegner. Das gilt auch für das Endspiel,
in dem die kleine Novag die Konstellation Turm gegen Springer plus Bauer sicher
zum Sieg führt.} 1.b3 {Buchende!!} 1...c5 2.e4 d6 {Buchende.} 3.Nf3 e6 4.Nc3 
Nf6 5.Be2 Nc6 6.O-O d5 7.exd5 exd5 8.d4 cxd4 9.Nxd4 Bb4 10.Bb2 O-O 11.Ncb5 a6 
12.c3 Bc5 13.b4 Bxb4 $5 14.cxb4 axb5 15.a3 Re8 16.Nxb5 Bf5 17.Rc1 Rc8 18.Rc5 
Ne5 19.f4 Rxc5 $5 20.bxc5 Neg4 $2 {Nun geht bereits Material verloren.} 21.Bxf6 
Nxf6 {(-0.39)} 22.Nd6 {(+1.43)} 22...Qe7 23.Bf3 Be4 24.Nxe8 Qxc5+ 25.Kh1 Nxe8 
26.Bxe4 dxe4 27.Qa4 Qe7 28.Qb4 Qxb4 29.axb4 Kf8 30.Kg1 Ke7 31.Kf2 Nd6 32.Rc1 
Kd7 33.Ke3 f5 34.Rc3 g6 35.Rc1 Kd8 36.Rc5 b6 37.Rc2 Kd7 38.Rc1 Nb5 39.g4 Kd6 
40.gxf5 gxf5 41.Rd1+ Ke6 42.Rd8 Nc7 43.Rb8 Ke7 44.Kd4 Nb5+ 45.Kc4 Nd6+ 46.Kc3 
Nb5+ 47.Kd2 Nd6 48.Rh8 Kf6 49.Rxh7 Nf7 50.Rh3 {Super Nova spielt das Endspiel
gut.} 50...Ke6 51.Ke2 b5 52.Rc3 Nd6 53.h4 Nc4 54.h5 ( {Natürlich geht hier
auch:} 54.Rxc4 $1 bxc4 55.b5 c3 56.h5 Ke7 57.h6 {usw.} ) 54...Kf7 55.Rg3 $1 
{Nicht schlecht, die Kleine.} 55...Kf6 56.h6 {In der Folge blitzt Super Nova.} 
56...Nd6 57.h7 Nf7 58.Ke3 Nh8 59.Kd4 Nf7 60.Rg8 Nh8 61.Kc5 e3 62.Rxh8 Kg7 
63.Re8 Kxh7 64.Re6 Kg7 65.Kxb5 e2 66.Kc6 e1=Q 67.Rxe1 Kg6 68.b5 Kh5 69.b6 Kg4 
70.b7 Kxf4 71.b8=Q+ {Erst an diesem Zug rechnet sie wieder länger.} 71...Kg4 
72.Rg1+ {Mattankündigung.} 72...Kf3 73.Qg3+ Ke4 74.Re1+ Kd4 75.Re3 Kc4 76.Qf4# 1-0

[Event "Begrüßungsturnier Super Nova 8"]
[Site "Turnierstufe "]
[Date "2023.07.20"]
[Round "4"]
[White "Turbo King II EGR II"]
[Black "Super Nova"]
[Result "1-0"]
[WhiteElo "1953"]
[BlackElo "1847"]
[EventDate "????.??.??"]
[PlyCount "207"]

{Turbo King II gewinnt Partie Nr. 4. Super Nova spielt anfangs zu ungestüm und
bereitet seine Vorstöße nicht genügend vor. Dennoch erhält sie Vorteil am
Damenflügel, vertändelt diesen aber durch plötzliche Aktivität auf der anderen
Seite des Brettes. In der Folge bekommt Weiß einen Springer plus zwei Bauern für
einen schwarzen Turm in besserer Stellung. Beide spielen danach ungenau, aber
das D+ Programm kann seinen Vorteil weiter ausbauen. Es dauert allerdings
ermüdend lang, bis Turbo King II den Sieg endgültig herausgespielt hat.} 1.Nf3 
Nf6 2.g3 g6 3.Bg2 Bg7 4.O-O O-O 5.d3 d6 6.e4 {Buchende.} 6...c5 {Buchende.} 
7.Nc3 Nc6 8.Bg5 d5 $5 {Verfrüht...} 9.Bxf6 Bxf6 10.Nxd5 {... aber ohne Folgen,
etwas stärker ist wohl das Schlagen mit dem Bauern:} ( 10.exd5 Nd4 11.Re1 {...} 
) 10...Bxb2 11.Rb1 Bg7 12.a3 Qa5 13.Qc1 e6 14.Ne3 b5 $5 {Wieder recht
unvorbereitet, zuvor sollte der Turm nach b8.} 15.c4 $5 ( {Besser:} 15.e5 Bb7 
16.Ng4 Kh8 17.Re1 {...} ) 15...b4 16.e5 Qxa3 17.Qxa3 bxa3 18.Rb5 {Weiß sollte
die schwarzen Randbauern nicht unterschätzen...} 18...Bd7 19.Rxc5 Rac8 ( 
19...Rab8 $1 {und z.B.:} 20.Ra1 Rfd8 21.Ng4 Rb2 22.Rxa3 {...} ) 20.Ra1 f6 $2 
{Jetzt geht es Weiß gut, denn Schwarz nimmt seinen Vorteil am Damenflügel nicht
wahr.} 21.Rxa3 Rfd8 22.exf6 Bf8 23.Rxc6 Bxa3 $2 ( 23...Bxc6 24.Rxa7 Bxf3 
25.Bxf3 Rxd3 {...} ) 24.Ra6 Bb2 25.d4 Rc7 26.Ra2 Bc3 27.Ra3 Bb4 28.Rb3 a5 
29.Ne5 Be8 30.Bh3 {(+1.00)} 30...Rxd4 {(+0.35) Beide fühlen sich leicht im
Vorteil.} 31.Bxe6+ {Der neutrale Beobachter zieht wohl eher die weiße Stellung
vor.} 31...Kf8 32.Bd5 Rd2 $2 ( {Besser ist:} 32...Bd6 33.Nf3 Rxd5 34.cxd5 a4 
{...} ) 33.Nf3 Ra2 {Super Nova spielt sich etwas ins Abseits.} 34.Ng5 Ra7 
35.Rb1 Rd2 36.Ne4 Re2 37.Kf1 Ra2 38.Ng5 h6 39.c5 {Der Zug ist in Ordnung,
übersieht aber die taktisch anspruchsvollere Variante:} ( 39.Ne6+ $1 Kg8 ( 
39...Kf7 40.Ng4 Rd2 41.Ng5+ Kf8 42.Nxh6 {...} ) 40.Nd8+ Kf8 41.c5 Rd2 42.c6 
{...} ) 39...Rd2 40.Nf3 Rd3 $2 ( {Schwarz sollte die Qualität zurückgeben:} 
40...Rxd5 41.Nxd5 Bxc5 42.Rb8 Bd6 43.Rd8 Ra6 {...} ) 41.Ne5 Rd2 $2 {Der
Verlustzug, aber steht sowieso schlecht für Schwarz.} ( {Mit} 41...Rc3 {hätte
Super Nova noch (geringe) Chancen gehabt.} 42.N3c4 Rc7 43.c6 Rxc4 44.Bxc4 {...} 
) 42.c6 Rc7 43.f7 Bxf7 44.Bxf7 Bc3 ( 44...Rxf7 45.Nxf7 Kxf7 46.c7 {...} ) 
45.Rb8+ Kg7 46.Rg8+ Kh7 47.Nd7 {Droht Sf8 #.} 47...Bg7 48.Ra8 h5 49.Nc4 Rd1+ 
50.Ke2 Ra1 51.Nce5 Bxe5 52.Nxe5 Kg7 53.Bc4 g5 54.Bd5 Re7 55.f4 gxf4 56.gxf4 Ra3 
57.h4 Kf6 58.Rh8 a4 59.Rxh5 Rc7 60.Nd7+ Ke7 {Rest der Partie in je 1 Stunde.} 
61.Re5+ Kd8 62.Nf6 Rc8 63.Ne8 Rh3 64.c7+ Rxc7 65.Nxc7 Kxc7 66.h5 a3 67.Bf7 Rh2+ 
68.Kf3 Rh3+ 69.Kg4 Rh1 70.Re3 Ra1 71.Kf5 Kd7 72.h6 Rh1 73.Kg6 Rg1+ 74.Kf6 Rh1 
75.Rd3+ Kc7 76.Kg6 Rg1+ 77.Kh5 Rh1+ 78.Kg5 Rg1+ 79.Kf5 Rh1 80.Rc3+ Kd7 81.Kg6 
Rg1+ 82.Kf6 Rh1 83.Kg7 Rg1+ 84.Kf8 Rh1 85.Rd3+ {Es ist nervig.} 85...Kc7 86.Kg7 
Rg1+ 87.Kh8 Rh1 88.h7 a2 89.Bxa2 Rh2 90.Be6 Rg2 91.f5 Rg1 92.f6 Rb1 93.Kg7 Rh1 
94.h8=Q Rxh8 95.Kxh8 Kb6 96.Rc3 Kb5 97.Kg7 Kb4 98.Rc1 Kb5 99.Bd7+ {Gähn ...} 
99...Kb4 100.f7 Kb3 101.f8=Q {Mattankündigung.} 101...Kb2 102.Qc5 Ka2 103.Be6+ 
Kb2 104.Qc3# 1-0